Penkalin Nilam: (Record no. 4822)

MARC details
000 -LEADER
fixed length control field 00832nam a22001937a 4500
005 - DATE AND TIME OF LATEST TRANSACTION
control field 20240227120611.0
020 ## - ISBN
ISBN 9789555672235
082 ## - DEWEY DECIMAL CLASSIFICATION NUMBER
Classification number 346.044
Item number MAU
942 ## - ADDED ENTRY ELEMENTS (KOHA)
Item Type Reports
100 ## - MAIN ENTRY--PERSONAL NAME
Personal Name Maunaguru, Sitralega
700 ## - ADDED ENTRY--PERSONAL NAME
Personal name Emmanuel, Sarala
245 ## - TITLE STATEMENT
Title Penkalin Nilam:
Sub Title A study on women’s land rights in the post-tsunami resettlement process in Batticaloa
260 ## - PUBLICATION, DISTRIBUTION, ETC. (IMPRINT)
Place of Publication Batticaloa,
Date of Copyright Suriya women's development centre,
Name of Publisher 2010
300 ## - PHYSICAL DESCRIPTION
Extent viii, 63 p. : color ill., maps (some color); 30 cm
500 ## - GENERAL NOTE
General Note "A report of the research conducted in the Batticaloa District in 2006 and 2008 on the situation of land rights of women"
650 ## - SUBJECT ADDED ENTRY--TOPICAL TERM
Topical Term Women and land use planning- Sri Lanka- Batticaloa District
650 ## - SUBJECT ADDED ENTRY--TOPICAL TERM
Topical Term Right of property- Sri Lanka- Batticaloa District
650 ## - SUBJECT ADDED ENTRY--TOPICAL TERM
Topical Term Land tenure- Sri Lanka- Batticaloa District
Holdings
Withdrawn status Lost status Source of classification or shelving scheme Damaged status Not for loan Permanent location Current location Date acquired Total Checkouts Full call number Barcode Date last seen Price effective from Koha item type
    Dewey Decimal Classification     Resource center, Muslim Women's Research And Action Forum Resource center, Muslim Women's Research And Action Forum 2024-02-27   346.044 MAU RAF5118 2024-02-27 2024-02-27 Reports

Copyright © 2023 Muslim Women's Research and Action Forum (MWRAF), No 27/3, Anderson Road, Kalubowila, Dehiwela. Funded by The Asia Fundation